=LDR 00000nam 2200000 4500 =001 INLIS000000000040332 =005 20141211104508.0 =006 =007 =008 Ind =035 ##$$0010-061300000040332 =041 ##$$a Ind =082 ##$$a 813 =090 ##$$a 813, TiO, b.2 =100 ##$$a Tiojakin,Maggie =245 ##$$a Balada Ching-ching, Maggie Tiojakin =260 ##$$a 2010 $b Jakarta =300 ##$$a 175 hlm, 20 cm =850 ##$$a NBPNMAT =990 ##$$a 0001/BPAP-NTB/20142014